[Event "Bled op 24th"]
[Site "Bled"]
[Date "2003.07.16"]
[Round "3"]
[White "Srebrnic, Vojko"]
[Black "Begovac, Franja"]
[Result "1/2-1/2"]
[WhiteElo "2257"]
[BlackElo "2416"]
[PlyCount "50"]
[EventDate "2003.07.14"]
[EventType "swiss"]
[EventRounds "9"]
[EventCountry "SLO"]
[SourceTitle "CBM 095 Extra"]
[Source "ChessBase"]
[SourceDate "2003.09.04"]
[SourceVersion "1"]
[SourceVersionDate "2003.09.04"]
[SourceQuality "1"]

1. e4 Nf6 2. e5 Nd5 3. d4 d6 4. Nf3 g6 5. Bc4 Nb6 6. Bb3 Bg7 7. Ng5 e6 8. f4 dxe5 9. fxe5 c5 10. c3 cxd4 11. cxd4 Nc6 12. Nf3 f6 13. exf6 Qxf6 14. Be3 Nd5 15. Bf2 0-0 16. 0-0 Nf4 17. Nbd2 Qf5 18. Nh4 Qg5 19. Kh1 b6 20. Ne4 Qe7 21. Nf3 Na5 22. Bh4 Qb4 23. Be1 Qe7 24. Bh4 Qb4 25. Be1 Qe7 1/2-1/2

[Event "Velika Gorica op 3rd"]
[Site "Velika Gorica"]
[Date "2003.??.??"]
[Round "5"]
[White "Begovac, Franja"]
[Black "Zecevic, Dean"]
[Result "1-0"]
[WhiteElo "2416"]
[BlackElo "2295"]
[PlyCount "69"]
[EventDate "2003.08.??"]
[EventType "swiss"]
[EventRounds "9"]
[EventCountry "CRO"]
[SourceTitle "EXT 2005"]
[Source "ChessBase"]
[SourceDate "2004.11.15"]
[SourceVersion "1"]
[SourceVersionDate "2004.11.15"]
[SourceQuality "1"]

1. d4 d5 2. c4 c6 3. cxd5 cxd5 4. Nc3 Nc6 5. Nf3 Nf6 6. Bf4 Bf5 7. e3 e6 8. Bb5 Nd7 9. Rc1 Rc8 10. Qb3 Be7 11. a3 0-0 12. 0-0 a6 13. Bxc6 Rxc6 14. Qxb7 Rb6 15. Qa7 Rxb2 16. Na4 Rc2 17. Rxc2 Bxc2 18. Nc5 Nxc5 19. dxc5 Re8 20. Rc1 Bd3 21. Ne5 Bb5 22. c6 f6 23. c7 Qc8 24. Nc6 Bxa3 25. Rc3 e5 26. Rxa3 exf4 27. Nd4 fxe3 28. Rxe3 Kf7 29. Qc5 Bc4 30. Qd6 a5 31. h3 a4 32. Rxe8 Kxe8 33. Nf5 Kf7 34. Qe7+ Kg6 35. Nd6 1-0

[Event "SUI-chT"]
[Site "Switzerland"]
[Date "2002.09.07"]
[Round "6.5"]
[White "Begovac, Franja"]
[Black "Adler, Joel Arturo Manuel"]
[Result "0-1"]
[WhiteElo "2415"]
[BlackElo "2311"]
[PlyCount "46"]
[EventDate "2002.03.03"]
[EventType "team-tourn"]
[EventRounds "9"]
[EventCountry "SUI"]
[SourceTitle "EXT 2003"]
[Source "ChessBase"]
[SourceDate "2002.11.25"]
[SourceVersion "1"]
[SourceVersionDate "2002.11.25"]
[SourceQuality "1"]

1. d4 d6 2. e4 Nf6 3. Nc3 e5 4. Nf3 Nbd7 5. Bc4 Be7 6. 0-0 0-0 7. Re1 c6 8. a4 b6 9. h3 Bb7 10. Ba2 a6 11. Rb1 b5 12. b4 Qc7 13. axb5 axb5 14. Bb3 Nb6 15. Be3 Na4 16. Bxa4 bxa4 17. dxe5 dxe5 18. Bc5 a3 19. Na2 Ba6 20. Bxe7 Qxe7 21. Nd2 Rfd8 22. Qc1 Qd6 23. Rd1 Be2 0-1

[Event "SUI-chT"]
[Site "Switzerland"]
[Date "2002.06.16"]
[Round "5.3"]
[White "Umansky, Mikhail"]
[Black "Begovac, Franja"]
[Result "0-1"]
[WhiteElo "2468"]
[BlackElo "2421"]
[PlyCount "88"]
[EventDate "2002.03.03"]
[EventType "team-tourn"]
[EventRounds "9"]
[EventCountry "SUI"]
[SourceTitle "EXT 2003"]
[Source "ChessBase"]
[SourceDate "2002.11.25"]
[SourceVersion "1"]
[SourceVersionDate "2002.11.25"]
[SourceQuality "1"]
[WhiteTeam "St Gallen"]
[BlackTeam "Biel"]
[WhiteTeamCountry "SUI"]
[BlackTeamCountry "SUI"]

1. d4 d5 2. c4 e6 3. Nf3 Nf6 4. g3 Be7 5. Bg2 0-0 6. 0-0 dxc4 7. Qc2 a6 8. a4 Bd7 9. Qxc4 Bc6 10. Bg5 Nbd7 11. Nc3 h6 12. Bxf6 Nxf6 13. Rac1 a5 14. Rfd1 Rc8 15. Ne5 Bxg2 16. Kxg2 c6 17. e4 Qb6 18. Rc2 Rcd8 19. Rcd2 Bb4 20. Qe2 Qc7 21. f4 Nd7 22. Nd3 Nb6 23. Nxb4 axb4 24. Na2 Nxa4 25. Qc4 c5 26. Nxb4 Qa5 27. dxc5 Rxd2+ 28. Rxd2 Nxc5 29. Rc2 b6 30. Nc6 Qa8 31. Qb5 Rc8 32. Rxc5 bxc5 33. Ne7+ Kh8 34. Nxc8 Qxc8 35. Kf3 Qd8 36. Qxc5 Qd1+ 37. Kg2 Qe2+ 38. Kh3 Kh7 39. Qb4 g5 40. Qd4 Qf1+ 41. Kg4 Qe2+ 42. Kh3 Qf1+ 43. Kg4 Kg6 44. fxg5 hxg5 0-1

[Event "SUI-chT"]
[Site "Switzerland"]
[Date "2002.04.21"]
[Round "3.5"]
[White "Begovac, Franja"]
[Black "Loetscher, Roland"]
[Result "1-0"]
[WhiteElo "2421"]
[BlackElo "2288"]
[PlyCount "67"]
[EventDate "2002.03.03"]
[EventType "team-tourn"]
[EventRounds "9"]
[EventCountry "SUI"]
[SourceTitle "EXT 2003"]
[Source "ChessBase"]
[SourceDate "2002.11.25"]
[SourceVersion "1"]
[SourceVersionDate "2002.11.25"]
[SourceQuality "1"]
[WhiteTeam "Biel"]
[BlackTeam "Luzern"]
[WhiteTeamCountry "SUI"]
[BlackTeamCountry "SUI"]

1. d4 Nf6 2. c4 c5 3. d5 e6 4. Nc3 exd5 5. cxd5 d6 6. Nf3 g6 7. Nd2 Bg7 8. e4 0-0 9. Be2 Na6 10. 0-0 Nc7 11. a4 Re8 12. f3 b6 13. Nc4 Ba6 14. Bg5 Qd7 15. Re1 Rab8 16. Qd2 Bxc4 17. Bxc4 a6 18. Bf1 Rb7 19. e5 Rxe5 20. Rxe5 dxe5 21. d6 Nce8 22. Rd1 Ra7 23. Bc4 Qc6 24. Bxf6 Nxf6 25. Qe2 Ne8 26. Ne4 Rd7 27. Qd3 Qxa4 28. b3 Qb4 29. Qd5 b5 30. Qc6 Rd8 31. d7 Bf8 32. Bxf7+ Kxf7 33. dxe8Q+ Rxe8 34. Ng5+ 1-0

[Event "SUI-chT"]
[Site "Switzerland"]
[Date "2002.03.24"]
[Round "2.5"]
[White "Maier, Christian"]
[Black "Begovac, Franja"]
[Result "1/2-1/2"]
[WhiteElo "2385"]
[BlackElo "2421"]
[PlyCount "66"]
[EventDate "2002.03.03"]
[EventType "team-tourn"]
[EventRounds "9"]
[EventCountry "SUI"]
[SourceTitle "EXT 2003"]
[Source "ChessBase"]
[SourceDate "2002.11.25"]
[SourceVersion "1"]
[SourceVersionDate "2002.11.25"]
[SourceQuality "1"]
[WhiteTeam "Basel"]
[BlackTeam "Biel"]
[WhiteTeamCountry "SUI"]
[BlackTeamCountry "SUI"]

1. e4 c5 2. Nf3 Nc6 3. Bb5 e6 4. c3 d5 5. exd5 Qxd5 6. 0-0 Bd7 7. Qe2 Nf6 8. d4 cxd4 9. cxd4 a6 10. Nc3 Nxd4 11. Nxd4 Qxd4 12. Bxd7+ Qxd7 13. Rd1 Qc6 14. Bg5 Be7 15. Rac1 Qb6 16. Bxf6 gxf6 17. Qg4 Rd8 18. Rxd8+ Bxd8 19. Qg7 Rf8 20. Rd1 f5 21. Qxh7 Bf6 22. Qh6 Ke7 23. Nd5+ exd5 24. Re1+ Qe6 25. Rxe6+ fxe6 26. Qd2 Kf7 27. g3 Rd8 28. f4 Rc8 29. Kg2 Rc4 30. Qe2 Re4 31. Qc2 Rc4 32. Qe2 Re4 33. Qc2 Rc4 1/2-1/2

[Event "SUI-chT"]
[Site "Switzerland"]
[Date "2000.??.??"]
[Round "?"]
[White "Almada, Enrique"]
[Black "Begovac, Franja"]
[Result "1/2-1/2"]
[WhiteElo "2321"]
[BlackElo "2428"]
[PlyCount "85"]
[EventDate "2000.02.??"]
[EventType "team-tourn"]
[EventRounds "9"]
[EventCountry "SUI"]
[SourceTitle "EXT 2001"]
[Source "ChessBase"]
[SourceDate "2000.11.22"]
[SourceVersion "1"]
[SourceVersionDate "2000.11.22"]
[SourceQuality "1"]

1. d4 Nf6 2. c4 e6 3. Nf3 d5 4. Nc3 Be7 5. Bg5 0-0 6. e3 Nbd7 7. Rc1 a6 8. cxd5 exd5 9. Bd3 c6 10. 0-0 Re8 11. Qc2 Nf8 12. Rfe1 Ng6 13. Ne5 Ng4 14. Bxe7 Qxe7 15. Nxg4 Bxg4 16. f3 Bd7 17. b4 Rad8 18. a3 Qg5 19. Qf2 Re7 20. Qg3 Qf6 21. Bxg6 hxg6 22. Rcd1 Rde8 23. e4 g5 24. h3 dxe4 25. fxe4 Qg6 26. Kh2 f6 27. Kg1 f5 28. exf5 Rxe1+ 29. Rxe1 Rxe1+ 30. Qxe1 Qxf5 31. Qe4 Kf7 32. g4 Qf6 33. Kg2 Be6 34. Kg3 Bc4 35. Qf5 Be6 36. Qxf6+ gxf6 37. h4 gxh4+ 38. Kxh4 Bc4 39. g5 fxg5+ 40. Kxg5 Ke6 41. Kf4 Kd6 42. Ke4 Bf7 43. Kf4 1/2-1/2

[Event "SUI-chT"]
[Site "Switzerland"]
[Date "1997.??.??"]
[Round "?"]
[White "Begovac, Franja"]
[Black "Rhodin, Christian"]
[Result "1-0"]
[WhiteElo "2425"]
[BlackElo "2250"]
[PlyCount "56"]
[EventDate "1997.??.??"]
[EventType "team-tourn"]
[EventRounds "9"]
[EventCountry "SUI"]
[SourceTitle "EXT 1999"]
[Source "ChessBase"]
[SourceDate "1998.11.16"]
[SourceVersion "1"]
[SourceVersionDate "1998.11.16"]
[SourceQuality "1"]

1. d4 Nf6 2. c4 c5 3. d5 b5 4. cxb5 a6 5. e3 g6 6. Nc3 Bg7 7. a4 0-0 8. Bc4 Bb7 9. Nge2 e6 10. bxa6 Nxa6 11. Nf4 Nb4 12. 0-0 g5 13. Nd3 Nfxd5 14. Nxd5 exd5 15. Nxc5 dxc4 16. Nxb7 Qc7 17. Nd6 Be5 18. Nb5 Qc6 19. Qg4 f5 20. Qe2 Rae8 21. Bd2 Nd3 22. Bc3 g4 23. Rfd1 Bxc3 24. Nxc3 Rf6 25. Rxd3 cxd3 26. Qxd3 f4 27. Qd5+ Kg7 28. exf4 Qb6 1-0

[Event "Bern op"]
[Site "Bern"]
[Date "1996.??.??"]
[Round "8"]
[White "Begovac, Franja"]
[Black "Mahmuti, Mahmut"]
[Result "1-0"]
[WhiteElo "2440"]
[BlackElo "2205"]
[PlyCount "75"]
[EventDate "1996.02.??"]
[EventType "swiss"]
[EventRounds "9"]
[EventCountry "SUI"]
[SourceTitle "CBM 051 Extra"]
[Source "ChessBase"]
[SourceDate "1996.05.01"]
[SourceVersion "1"]
[SourceVersionDate "1996.05.01"]
[SourceQuality "1"]

1. d4 f5 2. Nc3 Nf6 3. Bg5 d5 4. Bxf6 exf6 5. e3 c6 6. Bd3 Bd6 7. Qf3 g6 8. h3 Kf7 9. g4 fxg4 10. hxg4 Na6 11. a3 Qe7 12. Nh3 Kg7 13. Nf4 Nc7 14. 0-0-0 Ne6 15. Nce2 Bd7 16. Qh3 Rag8 17. Nxe6+ Bxe6 18. Nf4 Kf7 19. Nxe6 Qxe6 20. f4 Qe7 21. b4 g5 22. Rde1 Re8 23. e4 h5 24. gxh5 Bxf4+ 25. Kb1 dxe4 26. Rxe4 Qd7 27. Bc4+ Kf8 28. Be6 Qc7 29. h6 g4 30. Qxg4 Bg5 31. d5 cxd5 32. Bxd5 b6 33. Rxe8+ Kxe8 34. Qh5+ Kd8 35. Be6 Qc6 36. Rd1+ Kc7 37. Qh2+ Kb7 38. Bd5 1-0

[Event "SUI-chT"]
[Site "Switzerland"]
[Date "1996.??.??"]
[Round "8"]
[White "Kortschnoj, Viktor Lvovich"]
[Black "Begovac, Franja"]
[Result "1/2-1/2"]
[WhiteElo "2635"]
[BlackElo "2430"]
[PlyCount "53"]
[EventDate "1996.??.??"]
[EventType "team-tourn"]
[EventRounds "9"]
[EventCountry "SUI"]
[SourceTitle "CBM 055 Extra"]
[Source "ChessBase"]
[SourceDate "1997.01.01"]
[SourceVersion "1"]
[SourceVersionDate "1997.01.01"]
[SourceQuality "1"]

1. d4 d5 2. c4 e6 3. Nc3 Nf6 4. Bg5 Be7 5. e3 0-0 6. Rc1 Nbd7 7. Nf3 a6 8. Qc2 c6 9. Bd3 h6 10. Bxf6 Nxf6 11. 0-0 dxc4 12. Bxc4 c5 13. dxc5 Bxc5 14. Ne4 Be7 15. Ne5 Qa5 16. f4 Nd7 17. Nxf7 Kxf7 18. f5 Kg8 19. fxe6 Rxf1+ 20. Rxf1 Ne5 21. Bb3 Kh8 22. Nc3 Bxe6 23. Bxe6 Qb6 24. Bf5 Qxe3+ 25. Kh1 Rf8 26. Qd1 Bc5 27. Nd5 1/2-1/2

[Event "SUI-chT"]
[Site "Switzerland"]
[Date "1995.??.??"]
[Round "1"]
[White "Ballmann, Martin"]
[Black "Begovac, Franja"]
[Result "1/2-1/2"]
[WhiteElo "2345"]
[BlackElo "2435"]
[PlyCount "61"]
[EventDate "1995.??.??"]
[EventType "team-tourn"]
[EventRounds "9"]
[EventCountry "SUI"]
[SourceTitle "CBM 049 Extra"]
[Source "ChessBase"]
[SourceDate "1996.01.01"]
[SourceVersion "1"]
[SourceVersionDate "1996.01.01"]
[SourceQuality "1"]

1. d4 d5 2. c4 e6 3. Nc3 Be7 4. Nf3 Nf6 5. Bg5 0-0 6. e3 Nbd7 7. Qc2 c5 8. cxd5 Nxd5 9. Bxe7 Qxe7 10. Nxd5 exd5 11. dxc5 Nxc5 12. Be2 Bg4 13. Nd4 Bxe2 14. Qxe2 Ne6 15. Qd2 Nxd4 16. Qxd4 Qe4 17. Qxe4 dxe4 18. 0-0-0 Rac8+ 19. Kb1 Rc7 20. Rc1 Re7 21. Rhd1 f5 22. g3 g5 23. Rd5 Kg7 24. Rcc5 Kg6 25. g4 Ref7 26. Rd6+ Kg7 27. Rdd5 b6 28. Rb5 Kg6 29. Rd6+ Kg7 30. Rdd5 Kg6 31. Rd6+ 1/2-1/2